1206 1335 1079 1579 1953 1570 1958 1177 1906 1549 1483 1195 1359 1346 1435 1409 1419 1685 1141 1749 1574 1791 1224 1361 1691 1034 1481 1958 1728 1580 1234 1804 1734 1151 1751 1970 1219 1858 1729 1573 1127 1594 1839 1449 1855 1728 1018 1741 1019 1628 1793 1096 1358 1456 1172 1507 1637 1909 1652 1040 1387 1595 1300 1158 1228 1091 1384 1034 1141 1829 1519 1614 1437 1631 1880 1596 1439 1673 1526 1060 1618 1776 1339 1745 1300 1796 1910 1975 1931 1436 1275 1078 1221 1455 1583 1502 1667 1203 1088 BCNSPRNW ULIB Ver.6.0+V

เปลี่ยนเป็นภาษาไทย

Change to English
 แสดงรายละเอียดบรรณานุกรม
  กลับหน้าหลัก

Brief Record : Get Marc (ISO 2709) : E-mail record : QR code < ปิดหน้าต่าง
LEADER : 00000nam 2200000uu 4500
001    13399121551
003     ULIB
008    121122s2552||||th 000 0 tha d
020    ^a6117197093
024    ^a9786117197093
060 04 ^aWW100^bน927น
245 00 ^aแนวทางจักษุวิทยาสำหรับเวชปฏิบัติทั่วไป =^bEye care for GP./^cบรรณาธิการ, ศักดิ์ชัย วงศกิตติรักษ์
246 31 ^aEye care for GP.
250    ^aพิมพ์ครั้งที่ 1
260    ^aกรุงเทพฯ :^bหมอชาวบ้าน,^c2552
300    ^a84 หน้า :^bภาพประกอบ (สีบางภาพ) ;^c21 ซม.
650  7 ^aจักษุวิทยา
650  7 ^aตา, โรค^xการวินิจฉัย
650  7 ^aตา, โรค^xการรักษา
700 0  ^aศักดิ์ชัย วงศกิตติรักษ์,^eบรรณาธิการ
945    ^p150^l0^i16189
995    ^aวิภา
999 ^a ใช้งานได้ทุกระบบ
รายการนี้ยังไม่มีแท็ก
คุณยังไม่ได้ล็อกอิน คุณสามารถมีกิจกรรมร่วมกับเว็บไซต์ได้ แต่ต้องล็อกอินก่อน ::
  ล็อกอิน

รายการสื่อสารสนเทศ

ลำดับที่ ประเภท เลขเรียก/บาร์โค้ด สถานที่ สถานะ
- ไม่พบข้อมูล -

รายการใกล้เคียง
    หัวเรื่อง [จักษุวิทยา]

BibComment


ยังไม่เคยถูกคอมเมนท์

คอมเมนท์ทรัพยากรรายการนี้
  คอมเมนท์: แนวทางจักษุวิทยา..


 Copyright 2026. Bcnsprnw @Library